BANSAL'S MEDICAL DICTIONARY (Record no. 8704)

MARC details
000 -LEADER
fixed length control field 00305nam a22001457a 4500
003 - CONTROL NUMBER IDENTIFIER
control field SGT
082 ## - DEWEY DECIMAL CLASSIFICATION NUMBER
Classification number 603
Item number M14B
100 ## - MAIN ENTRY--PERSONAL NAME
Personal name BANSAL, SHRINANDAL
245 ## - TITLE STATEMENT
Title BANSAL'S MEDICAL DICTIONARY
250 ## - EDITION STATEMENT
Edition statement 1ST
260 ## - PUBLICATION, DISTRIBUTION, ETC. (IMPRINT)
Place of publication, distribution, etc DELHI
Name of publisher, distributor, etc AITBS PUB
Year of Publication 2014
300 ## - PAGE DESCRIPTION
No. of Pages 1150
650 ## - SUBJECT ADDED ENTRY--TOPICAL TERM
Topical term or geographic name as entry element DICTIONARY
942 ## - ADDED ENTRY ELEMENTS (KOHA)
Source of classification or shelving scheme Dewey Decimal Classification
Koha item type Books
Holdings
Withdrawn status Lost status Source of classification or shelving scheme Damaged status Use restrictions Not for loan Collection code Home library Current library Shelving location Date acquired Vendor Name Cost, normal purchase price SGTU Bill Number Full call number Accession No. (Barcode) Date last seen Bill Date Koha item type Total Checkouts Date last borrowed
    Dewey Decimal Classification   Restricted Access   AYURVEDA SGT FA-FP Library SGT FA-FP Library Reference Book 01/04/2016 AHUJA 375.00 SGTU 6599 603 M14B FA4876 01/04/2016 10/02/2016 Books    
    Dewey Decimal Classification   Restricted Access   AYURVEDA SGT FA-FP Library SGT FA-FP Library Reference Book 01/04/2016 AHUJA 375.00 SGTU 6599 603 M14B FA4877 01/04/2016 10/02/2016 Books    
    Dewey Decimal Classification   Restricted Access   AYURVEDA SGT FA-FP Library SGT FA-FP Library Reference Book 01/04/2016 AHUJA 375.00 SGTU 6599 603 M14B FA4878 10/10/2020 10/02/2016 Books 1 09/10/2020
    Dewey Decimal Classification   Restricted Access   AYURVEDA SGT FA-FP Library SGT FA-FP Library Reference Book 01/04/2016 AHUJA 375.00 SGTU 6599 603 M14B FA4879 01/04/2016 10/02/2016 Books    
    Dewey Decimal Classification   Restricted Access   AYURVEDA SGT FA-FP Library SGT FA-FP Library Reference Book 01/04/2016 AHUJA 375.00 SGTU 6599 603 M14B FA4880 01/04/2016 10/02/2016 Books